Normal view
MARC view
- DR AAMER BAQAI
Entry Personal Name
001 - CONTROL NUMBER
- control field: 72252
003 - CONTROL NUMBER IDENTIFIER
- control field: NUST
005 - DATE AND TIME OF LATEST TRANSACTION
- control field: 20210628204749.0
008 - FIXED-LENGTH DATA ELEMENTS
- fixed length control field: 210628|| aca||aabn | a|a d
040 ## - CATALOGING SOURCE
- Original cataloging agency: NUST
- Transcribing agency: NUST
100 ## - HEADING--PERSONAL NAME
- Personal name: DR AAMER BAQAI
670 ## - SOURCE DATA FOUND
- Source citation: Work cat.: (NUST): BILAL,FAHAD 72250, PR-SOF-1160-DESIGN AND FABRICATION OF SOLAR POWERED STIRLING ENGINE, 2012
